Hodnotenie tovaru ako súčasť systému riadenia akosti záverečná správa ŠPEV 904 306 07
Gespeichert in:
| Format: | Buch |
|---|---|
| Sprache: | Slowakisch |
| Veröffentlicht: |
Bratislava
VŠE
1989
|
| Tags: |
Keine Tags, Fügen Sie das erste Tag hinzu!
|
MARC
| LEADER | 00000nam a2200000 4500 | ||
|---|---|---|---|
| 001 | c028004 | ||
| 005 | 20260325102339.6 | ||
| 041 | 0 | |a slo | |
| 044 | |a SK | ||
| 245 | 1 | 0 | |a Hodnotenie tovaru ako súčasť systému riadenia akosti |b záverečná správa ŠPEV 904 306 07 |
| 264 | 1 | |a Bratislava |b VŠE |c 1989 | |
| 300 | |a 77 s. | ||